000 00490nam a2200181 a 4500
005 20140412111321.0
008 001219s19uu xx 00 eng d
020 _a0-7214-1185-1
050 _aER
_bCo83 1990
100 _aBradburry, Lyne
245 _aCounting 1 2 3 /
_cLyne Bradburry.
260 _aLoughborough, UK :
_bLadybird Books Ltd,
_c1990.
300 _a1 v. (unp.) ; ill.
440 _aMy First Learning Books
650 _aCounting
650 _aNumbers
999 _c104374
_d104374